AI AND ML Powering the Agents of Automation (Record no. 12474)
[ view plain ]
| 000 -LEADER | |
|---|---|
| fixed length control field | 00486nam a22001937a 4500 |
| 003 - CONTROL NUMBER IDENTIFIER | |
| control field | OSt |
| 008 - FIXED-LENGTH DATA ELEMENTS--GENERAL INFORMATION | |
| fixed length control field | 240413b |||||||| |||| 00| 0 eng d |
| 020 ## - INTERNATIONAL STANDARD BOOK NUMBER | |
| International Standard Book Number | 9789388511636 |
| 082 ## - DEWEY DECIMAL CLASSIFICATION NUMBER | |
| Classification number | 006.3 DEA |
| 100 ## - MAIN ENTRY--PERSONAL NAME | |
| Personal name | DEEPIKA,M |
| 245 ## - TITLE STATEMENT | |
| Title | AI AND ML Powering the Agents of Automation |
| 250 ## - EDITION STATEMENT | |
| Edition statement | 1st Ed |
| 260 ## - PUBLICATION, DISTRIBUTION, ETC. (IMPRINT) | |
| Place of publication, distribution, etc | New Delhi |
| Name of publisher, distributor, etc | BPB Publications |
| Date of publication, distribution, etc | 2024 |
| 300 ## - PHYSICAL DESCRIPTION | |
| Extent | 217 |
| 700 ## - ADDED ENTRY--PERSONAL NAME | |
| Personal name | CUDDAPAH,Vijay |
| 700 ## - ADDED ENTRY--PERSONAL NAME | |
| Personal name | SRIVASTAVA,Amitendra |
| 700 ## - ADDED ENTRY--PERSONAL NAME | |
| Personal name | MAHANKALI,Srinivas |
| 942 ## - ADDED ENTRY ELEMENTS (KOHA) | |
| Source of classification or shelving scheme | Dewey Decimal Classification |
| Koha item type | Text Books |
| Withdrawn status | Lost status | Source of classification or shelving scheme | Damaged status | Not for loan | Collection code | Home library | Current library | Date acquired | Source of acquisition | Currency | Cost, normal purchase price | Bill Number | Total Checkouts | Full call number | Acc. no. / Barcode | Date last seen | Actual Cost, discounted price | Bill Date | Koha item type |
|---|---|---|---|---|---|---|---|---|---|---|---|---|---|---|---|---|---|---|---|
| Dewey Decimal Classification | B.Tech(ECE) | PIET C-LIBRARY | PIET C-LIBRARY | 23/03/2024 | Zafaa Books and Distributors | In rupees | 498.00 | ZBD0445 | 006.3 DEA | 35691 | 13/04/2024 | 363.54 | 23/03/2024 | Reference Books | |||||
| Dewey Decimal Classification | B.Tech(ECE) | PIET C-LIBRARY | PIET C-LIBRARY | 23/03/2024 | Zafaa Books and Distributors | In rupees | 498.00 | ZBD0445 | 006.3 DEA | 35692 | 13/04/2024 | 363.54 | 23/03/2024 | Text Books | |||||
| Dewey Decimal Classification | B.Tech(ECE) | PIET C-LIBRARY | PIET C-LIBRARY | 23/03/2024 | Zafaa Books and Distributors | In rupees | 498.00 | ZBD0445 | 006.3 DEA | 35693 | 13/04/2024 | 363.54 | 23/03/2024 | Text Books | |||||
| Dewey Decimal Classification | B.Tech(ECE) | PIET C-LIBRARY | PIET C-LIBRARY | 23/03/2024 | Zafaa Books and Distributors | In rupees | 498.00 | ZBD0445 | 006.3 DEA | 35694 | 13/04/2024 | 363.54 | 23/03/2024 | Text Books | |||||
| Dewey Decimal Classification | B.Tech(ECE) | PIET C-LIBRARY | PIET C-LIBRARY | 23/03/2024 | Zafaa Books and Distributors | In rupees | 498.00 | ZBD0445 | 006.3 DEA | 35695 | 13/04/2024 | 363.54 | 23/03/2024 | Text Books | |||||
| Dewey Decimal Classification | B.Tech(ECE) | PIET C-LIBRARY | PIET C-LIBRARY | 23/03/2024 | Zafaa Books and Distributors | In rupees | 498.00 | ZBD0445 | 006.3 DEA | 35696 | 13/04/2024 | 363.54 | 23/03/2024 | Text Books | |||||
| Dewey Decimal Classification | B.Tech(ECE) | PIET C-LIBRARY | PIET C-LIBRARY | 23/03/2024 | Zafaa Books and Distributors | In rupees | 498.00 | ZBD0445 | 006.3 DEA | 35697 | 13/04/2024 | 363.54 | 23/03/2024 | Text Books | |||||
| Dewey Decimal Classification | B.Tech(ECE) | PIET C-LIBRARY | PIET C-LIBRARY | 23/03/2024 | Zafaa Books and Distributors | In rupees | 498.00 | ZBD0445 | 006.3 DEA | 35698 | 13/04/2024 | 363.54 | 23/03/2024 | Text Books | |||||
| Dewey Decimal Classification | B.Tech(ECE) | PIET C-LIBRARY | PIET C-LIBRARY | 23/03/2024 | Zafaa Books and Distributors | In rupees | 498.00 | ZBD0445 | 006.3 DEA | 35699 | 13/04/2024 | 363.54 | 23/03/2024 | Text Books | |||||
| Dewey Decimal Classification | B.Tech(ECE) | PIET C-LIBRARY | PIET C-LIBRARY | 23/03/2024 | Zafaa Books and Distributors | In rupees | 498.00 | ZBD0445 | 006.3 DEA | 35700 | 13/04/2024 | 363.54 | 23/03/2024 | Text Books |